Estudio prc̀tico del ISR e IVA de Bienes Inmbuebles para personas fs̕icas

Bibliographic Details
Main Author: Da̕z Castrejn̤, Benjamn̕
Format: eBook
Language:Spanish
Published: Mx̌ico DF: Ediciones Fiscales ISEF, 2014
Subjects:
Online Access:Acceso restringido

MARC

LEADER 00000nam a22000007a 4500
005 20140522225358.0
007 cr|||| ||||
008 140522s2014 mx |||||s|||| 00||0 spa d
020 |a 978-607-406-627-2 
035 |a 12149 
040 |a vLex 
090 |c 4937  |d 4937 
100 1 |a Da̕z Castrejn̤, Benjamn̕ 
245 1 0 |a Estudio prc̀tico del ISR e IVA de Bienes Inmbuebles para personas fs̕icas  |h [Recurso electrn̤ico] /  |c Benjamn̕ Da̕z Castrejn̤ 
256 |a Servicio en ln̕ea 
260 |a Mx̌ico DF:  |b Ediciones Fiscales ISEF,  |c 2014 
300 |a 1 recurso electrn̤ico 
506 1 |a Disponible solo en los productos indicados  |d vLex Global  |d vLex Global (Academic Edition, excluding Law Schools)  |d vLex Global (U.S. Academic Edition, Law Schools)  |d vLex Global (U.S. Academic Edition, excluding Law Schools)  |d vLex Global (Academic Edition, Law Schools) 
650 0 4 |a Derecho Fiscal  |z Mx̌ico 
740 0 |a vLex Libros (Servicio en ln̕ea) 
856 4 0 |u http://vlex.com/source/estudio-practico-isr-iva-bienes-inmbuebles-personas-fisicas-12149  |z Acceso restringido 
942 |c BOOK 
999 0 |a Tax Law